[Event "JAM-ch (Women)"]
[Site "Kingston"]
[Date "2018.02.11"]
[Round "8"]
[White "Yankana, Alliyah"]
[Black "Smith, Melisha"]
[Result "0-1"]
[WhiteElo "1420"]
[BlackElo "1673"]
[PlyCount "136"]
[EventDate "2018.02.02"]
[EventType "tourn"]
[EventRounds "11"]
[EventCountry "JAM"]
[SourceTitle "CBM 183 Extra"]
[Source "ChessBase"]
[SourceDate "2018.04.19"]
[SourceVersion "1"]
[SourceVersionDate "2018.04.19"]
[SourceQuality "1"]

1. e4 c5 2. Nf3 e6 3. Nc3 Nc6 4. Bc4 a6 5. a3 b5 6. Ba2 Qc7 7. d3 Nf6 8. Bd2 Be7 9. 0-0 Bb7 10. Re1 d6 11. Bg5 0-0 12. Ne2 Rad8 13. Ng3 d5 14. e5 Nd7 15. Qd2 Rfe8 16. Nh5 Ndxe5 17. Nxe5 Nxe5 18. Bf4 Bd6 19. Re3 d4 20. Rg3 Ng6 21. Bxd6 Qxd6 22. h4 Qe7 23. Nxg7 Kxg7 24. h5 Bd5 25. hxg6 fxg6 26. b3 Rf8 27. c4 bxc4 28. bxc4 Ba8 29. Bb3 Rf5 30. Bd1 Rdf8 31. Rh3 Rg5 32. f3 e5 33. Qf2 Rf4 34. a4 Qd7 35. Rh4 Qf5 36. Rxf4 Qxf4 37. Rb1 Rh5 38. Rb8 Qc1 39. Qe2 Qh6 40. Kf2 Bxf3 41. gxf3 Rh2+ 42. Ke1 Rh1+ 43. Qf1 Qe3+ 44. Be2 Qc1+ 45. Kf2 Rxf1+ 46. Bxf1 Qe3+ 47. Kg2 Qd2+ 48. Kg1 Qd1 49. Rc8 Qxa4 50. Rxc5 Qe8 51. Ra5 Qe6 52. Kf2 h5 53. Kg3 Qf6 54. Rd5 Qf4+ 55. Kf2 a5 56. c5 a4 57. c6 Qc1 58. Rxe5 Qxc6 59. Ra5 Qc3 60. Ra7+ Kh6 61. Ra6 a3 62. f4 Qd2+ 63. Kg3 a2 64. Kf3 Qd1+ 65. Be2 a1Q 66. Bxd1 Qxa6 67. Ke4 h4 68. Kxd4 Qa1+ 0-1

[Event "Kingston Chan Memorial op"]
[Site "Kingston"]
[Date "2017.09.23"]
[Round "4"]
[White "Byfield, Douglas"]
[Black "Yankana, Alliyah"]
[Result "0-1"]
[WhiteElo "1269"]
[BlackElo "1427"]
[PlyCount "98"]
[EventDate "2017.09.21"]
[EventType "swiss"]
[EventRounds "6"]
[EventCountry "JAM"]
[SourceTitle "EXT 2020"]
[Source "ChessBase"]
[SourceDate "2019.10.17"]
[SourceVersion "1"]
[SourceVersionDate "2019.10.17"]
[SourceQuality "1"]

1. d4 d5 2. Nf3 Nc6 3. Bf4 Bf5 4. c3 Nf6 5. Nbd2 e6 6. e3 Bd6 7. Be5 Bxe5 8. dxe5 Nd7 9. Bb5 0-0 10. Bxc6 bxc6 11. 0-0 Bg4 12. h3 Bh5 13. Qa4 c5 14. c4 Nb6 15. Qc6 Nxc4 16. g4 Nxd2 17. Nxd2 Bg6 18. Qxc5 h5 19. f4 hxg4 20. hxg4 Qh4 21. g5 Qg3+ 22. Kh1 Bd3 23. Rf3 Qh4+ 24. Kg1 g6 25. Nf1 Be4 26. Rg3 Bd3 27. Kf2 Kg7 28. Qe7 Rh8 29. Rd1 Be4 30. Ke2 Qh1 31. Qf6+ Kf8 32. Rg1 Qf3+ 33. Ke1 Kg8 34. Rd2 Rh3 35. Rf2 Qh5 36. Kd2 Rb8 37. b3 c5 38. f5 Bxf5 39. Rxf5 exf5 40. e6 Rh2+ 41. Nxh2 Qxh2+ 42. Kd3 c4+ 43. Kd4 Qb2+ 44. Kc5 Qxf6 45. gxf6 fxe6 46. bxc4 dxc4 47. Rxg6+ Kf7 48. Rg7+ Kxf6 49. Rxa7 Rc8+ 0-1

[Event "Kingston Chan Memorial op"]
[Site "Kingston"]
[Date "2017.09.23"]
[Round "3"]
[White "Lungrin, Rashade"]
[Black "Yankana, Alliyah"]
[Result "1-0"]
[WhiteElo "1774"]
[BlackElo "1427"]
[PlyCount "71"]
[EventDate "2017.09.21"]
[EventType "swiss"]
[EventRounds "6"]
[EventCountry "JAM"]
[SourceTitle "EXT 2020"]
[Source "ChessBase"]
[SourceDate "2019.10.17"]
[SourceVersion "1"]
[SourceVersionDate "2019.10.17"]
[SourceQuality "1"]

1. d4 d5 2. e3 c6 3. Bd3 Nf6 4. Nd2 Nbd7 5. f4 Nb6 6. Ngf3 Bg4 7. 0-0 e6 8. h3 Bh5 9. b3 Bd6 10. Qe1 Bg6 11. Ne5 Bxd3 12. cxd3 Nfd7 13. Bb2 Nxe5 14. fxe5 Be7 15. Qg3 0-0 16. Nf3 Rc8 17. Rac1 Nd7 18. e4 Qa5 19. Bc3 Qa6 20. Bd2 Kh8 21. Ng5 f6 22. Nxe6 Rg8 23. Kh1 Qxa2 24. Bf4 Qa5 25. exf6 Nxf6 26. e5 Nh5 27. Qg4 Nxf4 28. Rxf4 Qb5 29. Rf7 Ba3 30. Rcf1 Qxd3 31. R1f3 Qd1+ 32. Kh2 c5 33. Nf4 Qxd4 34. Rd3 Qxe5 35. Rxd5 Qe1 36. Ng6+ 1-0